000 00325nam a22001337a 4500
008 170926b xxu||||| |||| 00| 0 eng d
020 _a9780395689394
041 _aeng
080 _a37
100 _a46
101 _aEDU
245 _aALL OF US A MULTICULTURAL READING SKILLS HANDBOOK
_cBAZERMAN/W
942 _2udc
_cBK
999 _c29773
_d29773